• 首页
  • 本馆介绍
  • 公告通知
  • 最新文献
  • 馆藏检索
  • 电子资源
  • 读者导购
  • 参考咨询
  • 我的图书馆
  • 登录
  • 详细信息显示
  • 放入我的书架
  • 预约/预借图书
  • 作者相关作品
  • 分类相关作品
  • 丛书相关作品
  • 出版社相关作品

书目信息

  • 表格格式
  • 工作单格式
  • 卡片格式
题名:
红字
    
 
作者: 霍桑 著 ;梅尔维尔 , 郑土生 改编
分册:  
出版信息: 北京   航空工业出版社  2007
页数: 293,15页
开本: 21cm
丛书名:
单 册:
中图分类: H319.4:I712.44
科图分类:
主题词: 英语--汉语--对照读物 , 长篇小说--美国--近代 , 英语 , 汉语 , 长篇小说
电子资源:
ISBN: 7-80183-513-1
000 01121nam0 2200325 450
001 003381982
005 20070807154738.14
010    @a7-80183-513-1@dCNY14.80
035    @a003381982
100    @a20070124d2007 em y0chiy0110 ea
101 2  @achi@aeng@ceng
102    @aCN@b110000
105    @ay z 000ay
106    @ar
200 1  @a红字@Ahong zi@dThe scarlet letter@e英汉对照@Eying han dui zhao@b(美)纳撒尼尔·霍桑(Nathaniel Hawthorne)原著@gWilfred Melville改编@GWilfred Melville gai bian@g郑土生翻译@Gzheng tu sheng fan yi@zeng
210    @a北京@c航空工业出版社@d2007
215    @a293,15页@d21cm
300    @a5000词床头灯英语学习读本 12
510 1  @aScarlet letter@zeng
606 0  @a英语@x汉语@j对照读物
606 0  @a长篇小说@y美国@z近代
606 0  @a英语
606 0  @a汉语
606 0  @a长篇小说
690    @aH319.4:I712.44@v4
701  0 @c(美)@a霍桑@Ahuo sang@c(Hawthorne, Nathaniel@f1804~1864)@4著
702  0 @c(美)@a梅尔维尔@Amei er wei er@c(Melville, Wilfred)@4改编
702  0 @a郑土生@Azheng tu sheng@f(1939~)@4翻译
801  0 @aCN@bNLC@c20070807
905    @dH319.4:I712.44@e1505@f5
    
    红字=The scarlet letter:英汉对照[(美)纳撒尼尔·霍桑(Nathaniel Hawthorne)原著]/Wilfred Melville改编/郑土生翻译.-北京:航空工业出版社,2007
    293,15页;21cm
    5000词床头灯英语学习读本 12
    
    ISBN 7-80183-513-1:CNY14.80
    
●
相关链接 在E读中查询图书 在五车中查询图书 在当当中查询图书 在豆瓣中查询图书


正题名:红字     索取号:H319.4:I712.44/1505         预约/预借

序号 登录号 条形码 馆藏地/架位号 状态 备注
1 0853750   208537500   第二样本阅览室/ [索取号:H319.4:I712.44/1505] 在馆    
2 0853751   208537519   第四借阅区/ [索取号:H319.4:I712.44/1505] 在馆    
3 0853752   208537528   第四借阅区/ [索取号:H319.4:I712.44/1505] 在馆    
4 0853753   208537537   第四借阅区/ [索取号:H319.4:I712.44/1505] 在馆    
5 0853754   208537546   第四借阅区/ [索取号:H319.4:I712.44/1505] 在馆    
唐山师范学院图书馆 欢迎您!
大连网信软件有限公司© 版权所有